000 00883nam a22002657a 4500
003 BCEG
005 20260325122404.0
008 260324s2024 |||||||||||||||0 spa d
020 _a9789962180685 (v. 1)
020 _a9789962180692 (v. 2)
020 _a9789962180708 (v. 3)
020 _a9789962180715 (v. 4)
040 _aBCEG
_bspa
_cBCEG
082 0 4 _aI591
_bA598a
245 0 0 _a[Libros para el baño]
260 _a[México :
_bLexus Editores],
_c2024.
300 _a[8] p. :
_b: il., col.
500 _aTítulo tomado del catálogo del editor.
505 _gv. 1.
_tDinosaurios --
_gv. 2.
_tAnimales de la granja --
_gv. 3.
_tAnimales de la jungla --
_gv. 4.
_tAnimales marinos.
535 _aDisponible en la colección infantil de 0-3 años.
541 _aCompra.
650 1 4 _aAnimales
_vLibros y lecturas para niños.
650 1 4 _aLibros para bebés.
942 _cBK
999 _c437130
_d437130